000 00464nam a22001937a 4500
003 UA-OsUOA
001 5801
007 ta
008 20050721b un ||||| |||| 00| 0 ukr d
100 _aПопов
700 _aЄ.Ф.
700 _aБалла
700 _aМ.І.
942 _cBK
040 _aUA-OsUOA
_cUA-OsUOA
_dUA-OsUOA
245 _aВеликий українсько-англійський словник.
_bReference
955 _a2
650 7 _2UDC
999 _c291963
_d291963